logo

Bir Sreshtho Munshi Abdur Rouf Library
Jhenaidah Cadet College

Principles of physical geography / (Record no. 8320)

MARC details
000 -LEADER
fixed length control field 00776cam a2200265 i 4500
001 - CONTROL NUMBER
JCCL Control Number 8320
003 - CONTROL NUMBER IDENTIFIER
JCCL marc code BD-JhCC
005 - DATE AND TIME OF LATEST TRANSACTION
control field 20180222094055.0
008 - FIXED-LENGTH DATA ELEMENTS--GENERAL INFORMATION
fixed length control field 761105s1975 enkabdf 001 0 eng
020 ## - INTERNATIONAL STANDARD BOOK NUMBER
International Standard Book Number 0340050624 :
Terms of availability £6.50.
International Standard Book Number 0340049448
035 ## - SYSTEM CONTROL NUMBER
system control number (BD-JhCC)8320
040 ## - CATALOGING SOURCE
Original cataloging agency DLC
Transcribing agency DLC
Modifying agency DLC
-- BD-JhCC
041 ## - LANGUAGE CODE
Language code of Book eng
050 00 - LIBRARY OF CONGRESS CALL NUMBER
Classification number GB54.5
Item number .M66 1975
082 00 - DEWEY DECIMAL CLASSIFICATION NUMBER
Classification number 551
Author mark and Year MON 1975
100 1# - MAIN ENTRY--PERSONAL NAME
Personal name Monkhouse, Francis John.
245 10 - TITLE STATEMENT
Title Principles of physical geography /
Statement of responsibility, etc [by] F. J. Monkhouse.
250 ## - EDITION STATEMENT
Edition statement 8th ed.
260 ## - PUBLICATION, DISTRIBUTION, ETC. (IMPRINT)
Place of publication, distribution, etc London :
Name of publisher, distributor, etc Hodder and Stoughton,
Date of publication, distribution, etc 1975.
300 ## - PHYSICAL DESCRIPTION
Pagination ix, 570 p., leaf of plate, [56] p. of plates :
Other physical details ill., charts, maps ;
Dimensions 22 cm.
500 ## - GENERAL NOTE
General note Includes index.
650 #0 - SUBJECT ADDED ENTRY--TOPICAL TERM
Topical term or geographic name as entry element Physical geography.
942 ## - ADDED ENTRY ELEMENTS (KOHA)
Source of classification or shelving scheme Dewey Decimal Classification
Koha item type Books
Holdings
Source of classification or shelving scheme Damaged status Not for loan Home library Current library Shelving location Date of accession Total Checkouts Full call number Barcode Date last seen Date checked out Copy number Koha item type Method of acquisition Currency
Dewey Decimal Classification     JCC Rouf Library JCC Rouf Library General Stacks 07/19/2023 1 551 MON 1975 10875 05/25/2024 07/19/2023 C - 1 Books    
Dewey Decimal Classification     JCC Rouf Library JCC Rouf Library General Stacks     551 MON 1975 19440 05/17/2024   C-2 Books Purchase BDT
Dewey Decimal Classification     JCC Rouf Library JCC Rouf Library General Stacks     551 MON 1975 19439 05/17/2024   C-3 Books Purchase BDT
Dewey Decimal Classification     JCC Rouf Library JCC Rouf Library General Stacks     551 MON 1975 19438 05/17/2024   C-4 Books Purchase BDT

JCC Library | Contacts | JCC Home

Last Update on 23 September 2017
Copyright @ 2017-2020 JCC Rouf Library
Rouf Library, Jhenidah Cadet College (JCC), Bangladesh